[Event "AUTO-INT-1689"]
[Site "http://www.queenalice.com/game.php?id=847673"]
[Date "2010.10.18"]
[Round "2"]
[White "andrealoi"]
[Black "Reginaldo187"]
[Result "1-0"]
[WhiteElo "2108"]
[BlackElo "1805"]

1. d4 Nf6 2. c4 e6 3. Nc3 Bb4 4. a3 Bxc3+ 5. bxc3 b6 6. f3 Ba6 7. e4 Nc6 8. Bd3
Na5 9. Qe2 Nb3 10. Rb1 Nxc1 11. Rxc1 Qe7 12. e5 Qxa3 13. Qd2 Ng8 14. Nh3 Qa4 15.
Qe2 d5 16. exd6 cxd6 17. O-O 1-0

[Event "AUTO-INT-1689"]
[Site "http://www.queenalice.com/game.php?id=847674"]
[Date "2010.10.18"]
[Round "2"]
[White "Reginaldo187"]
[Black "andrealoi"]
[Result "0-1"]
[WhiteElo "1801"]
[BlackElo "2161"]

1. e4 d5 2. exd5 Qxd5 3. Nc3 Qa5 4. d4 Nf6 5. Nf3 Bg4 6. h3 Bh5 7. Bd2 Nbd7 8.
g4 Bg6 9. g5 Nd5 10. Nb5 Qb6 11. c4 a6 12. cxd5 axb5 13. Qe2 Bh5 14. Bg2 f6 15.
gxf6 Nxf6 16. Qe5 h6 17. Bb4 O-O-O 18. Bc5 Qa5+ 19. Nd2 Bf7 20. h4 e6 21. Bxf8
Rhxf8 22. dxe6 Rfe8 23. Bh3 Kb8 24. f4 Bxe6 25. Bxe6 Rxe6 0-1

[Event "AUTO-INT-1689"]
[Site "http://www.queenalice.com/game.php?id=847675"]
[Date "2010.10.18"]
[Round "2"]
[White "andrealoi"]
[Black "Markan"]
[Result "1-0"]
[WhiteElo "2110"]
[BlackElo "1633"]

1. d4 d5 2. c4 c6 3. Nc3 Nf6 4. cxd5 cxd5 5. f3 Nc6 6. e4 dxe4 7. d5 Nb4 8. Qa4+
Qd7 9. Qxb4 e6 10. Qb3 exf3 11. Bb5 1-0

[Event "AUTO-ADV-1764"]
[Site "http://www.queenalice.com/game.php?id=874037"]
[Date "2010.12.19"]
[Round "2"]
[White "andrealoi"]
[Black "Rutty"]
[Result "1-0"]
[WhiteElo "2128"]
[BlackElo "2116"]

1. d4 d5 2. c4 c6 3. Nc3 Nf6 4. cxd5 cxd5 5. f3 Bf5 6. Bg5 e6 7. e4 dxe4 8. fxe4
Bg4 9. Bxf6 Qxf6 10. Qxg4 Qxd4 11. Bb5+ Nc6 12. Nge2 Qe3 13. Qf3 Bc5 14. Rf1 O-O
15. Qxe3 Bxe3 16. Rf3 Bg5 17. Bxc6 bxc6 18. Rd1 Rab8 19. b3 Rb7 20. g3 h5 21. h4
Be7 22. e5 f6 23. Nd4 fxe5 24. Rxf8+ Bxf8 25. Nxe6 Bb4 26. Rd3 Re7 27. Ng5 Bxc3+
28. Rxc3 1-0

[Event "AUTO-ADV-1764"]
[Site "http://www.queenalice.com/game.php?id=874038"]
[Date "2010.12.19"]
[Round "2"]
[White "Rutty"]
[Black "andrealoi"]
[Result "0-1"]
[WhiteElo "2071"]
[BlackElo "2117"]

1. d4 Nf6 2. Nf3 g6 3. c4 Bg7 4. Nc3 O-O 5. e4 d6 6. d5 e5 7. Bd3 Nbd7 8. b4 a5
9. Rb1 axb4 10. Rxb4 Nc5 11. h3 Nh5 12. O-O Nf4 13. Bxf4 exf4 14. Ne2 Rxa2 15.
Nxf4 Re8 16. Qb1 Ra3 17. Rd1 Bd7 18. Bc2 Rxf3 19. gxf3 Qg5+ 20. Kf1 Qxf4 21. Ke2
f5 22. Rg1 fxe4 23. fxe4 Nxe4 24. Bxe4 Rxe4+ 0-1

[Event "QA-ANNIV-06"]
[Site "http://www.queenalice.com/game.php?id=885061"]
[Date "2011.1.12"]
[Round "3"]
[White "andrealoi"]
[Black "Bernhardur"]
[Result "1/2-1/2"]
[WhiteElo "2111"]
[BlackElo "2324"]

1. d4 Nf6 2. c4 c6 3. Nc3 d5 4. cxd5 cxd5 5. f3 e6 6. e4 Nc6 7. e5 Ng8 8. f4 Bd7
9. Nf3 Nh6 10. Be2 Be7 11. Be3 Qb6 12. O-O Rc8 13. Na4 Qd8 14. h3 Nf5 15. Bf2
O-O 16. g4 Nh4 17. Nxh4 Bxh4 18. Nc5 Bxf2+ 19. Rxf2 Rc7 20. Qd2 Bc8 21. Nb3 a5
22. Bb5 b6 23. f5 exf5 24. gxf5 Qh4 25. Rc1 Nxd4 26. Rxc7 Qg3+ 27. Rg2 Nf3+ 28.
Kh1 Qxh3+ 29. Rh2 Nxh2 30. Qxh2 Qf3+ 31. Kg1 Bxf5 32. Rc3 Qd1+ 33. Bf1 a4 34.
Nd2 Qg4+ 35. Qg2 Qd4+ 36. Qf2 Qxe5 37. Nf3 Qd6 38. Bb5 Qg6+ 39. Qg2 Qd6 40. Bxa4
d4 41. Rc6 Qd5 42. Rxb6 Be4 43. Bd1 Qxa2 44. Rb4 Qd5 45. Qe2 Bxf3 46. Qxf3 Qc5
47. Rb7 d3+ 1/2-1/2

[Event "AUTO-OPEN-1964"]
[Site "http://www.queenalice.com/game.php?id=885980"]
[Date "2011.1.14"]
[Round "3"]
[White "stoyan1"]
[Black "andrealoi"]
[Result "0-1"]
[WhiteElo "1848"]
[BlackElo "2180"]

1. e4 d5 2. exd5 Qxd5 3. Nc3 Qa5 4. Qf3 Nf6 5. a3 Nc6 6. Bb5 Bd7 7. b4 Qb6 8.
Qe3 Qxe3+ 9. dxe3 O-O-O 10. Nf3 h6 11. Bxc6 Bxc6 12. Ne5 Be8 13. O-O g5 14. f3
Bg7 15. Bb2 Nh5 16. Ne4 Rf8 17. g4 Nf6 18. Nxf6 Bxf6 19. Nd3 Rxd3 20. cxd3 Bxb2
21. Ra2 Bg7 22. a4 a6 23. Rb1 Bc6 24. Kf2 f5 25. Kg3 fxg4 26. f4 Bf3 27. b5
gxf4+ 28. exf4 Rf6 29. a5 Rd6 30. Ra3 axb5 31. Rxb5 Kd7 32. Rb4 e5 33. Rxb7
exf4+ 34. Kxf4 Rd4+ 35. Kf5 Bxb7 36. a6 Ba8 37. Kg6 Bf8 38. Rb3 Bb4 39. Kxh6 Bf3
40. a7 c5 41. Rb2 Rxd3 42. Ra2 Ra3 0-1

[Event "AUTO-OPEN-1964"]
[Site "http://www.queenalice.com/game.php?id=885981"]
[Date "2011.1.14"]
[Round "3"]
[White "andrealoi"]
[Black "stoyan1"]
[Result "1-0"]
[WhiteElo "2172"]
[BlackElo "1841"]

1. d4 e6 2. c4 Nf6 3. Nc3 d5 4. cxd5 exd5 5. f3 Bb4 6. a3 Bxc3+ 7. bxc3 b6 8. e3
O-O 9. Bd3 Ba6 10. Ne2 Bxd3 11. Qxd3 c5 12. O-O c4 13. Qc2 a5 14. Ng3 g6 15. e4
Nc6 16. Bg5 h6 17. Bxh6 Re8 18. Bg5 Qd6 19. e5 Nxe5 20. dxe5 Rxe5 21. Bf4 g5 22.
Bxe5 Qxe5 23. Qf5 Qxc3 24. Qxg5+ Kh8 25. Nf5 Rg8 26. Qh4+ Nh7 27. Qd4+ Qxd4+ 28.
Nxd4 Kg7 29. Rab1 Rb8 30. Rb5 Nf6 31. Rfb1 1-0

[Event "AUTO-OPEN-1964"]
[Site "http://www.queenalice.com/game.php?id=885982"]
[Date "2011.1.14"]
[Round "3"]
[White "luiz_antonio"]
[Black "andrealoi"]
[Result "0-1"]
[WhiteElo "1862"]
[BlackElo "2149"]

1. e4 d5 2. exd5 Qxd5 3. Nc3 Qa5 4. d4 Nf6 5. Nf3 Bg4 6. h3 Bh5 7. Bd2 Nc6 8.
Nb5 Qb6 9. Bf4 Nd5 10. Bh2 e5 11. g4 Bg6 12. Nxe5 Nxe5 13. Bxe5 c6 14. Qe2 O-O-O
15. a4 f6 16. c4 Bb4+ 17. Kd1 Rhe8 18. cxd5 Rxe5 19. Qc4 Re1# 0-1

[Event "AUTO-OPEN-1964"]
[Site "http://www.queenalice.com/game.php?id=885983"]
[Date "2011.1.14"]
[Round "3"]
[White "andrealoi"]
[Black "luiz_antonio"]
[Result "1-0"]
[WhiteElo "2174"]
[BlackElo "1966"]

1. d4 c6 2. c4 e6 3. Nc3 Bb4 4. e4 Bxc3+ 5. bxc3 d6 6. f4 e5 7. Nf3 Bg4 8. dxe5
dxe5 9. Qxd8+ Kxd8 10. Nxe5 Be6 11. Rb1 f6 12. Nf3 Ne7 13. Rxb7 Nd7 14. Nd4 Nc5
15. Rxe7 Kxe7 16. Ba3 Kd6 17. Bxc5+ Kxc5 18. Nxe6+ Kd6 19. Nxg7 Rab8 20. Be2
Rb1+ 21. Bd1 Kc5 22. O-O Rc1 23. Nh5 Rd8 24. Bb3 Rxc3 25. Nxf6 h6 26. e5 Re3 27.
h3 Red3 28. Ne4+ Kd4 29. Nd6 Rg8 30. Ba4 c5 31. Bc6 Rxh3 32. Bd5 Rg6 33. f5 Rg5
34. f6 1-0

[Event "AUTO-MASTER-1150"]
[Site "http://www.queenalice.com/game.php?id=890476"]
[Date "2011.1.24"]
[Round "2"]
[White "eductx"]
[Black "andrealoi"]
[Result "0-1"]
[WhiteElo "2081"]
[BlackElo "2162"]

1. Nf3 Nf6 2. c4 d6 3. d4 g6 4. Nc3 Bg7 5. e4 O-O 6. Be2 e5 7. Be3 Nc6 8. O-O
exd4 9. Nxd4 Re8 10. f3 Nh5 11. Nd5 Nxd4 12. Bxd4 c6 13. Ne3 Qg5 14. Nc2 Bxd4+
15. Qxd4 Nf4 16. Qf2 Nh3+ 0-1

[Event "AUTO-MASTER-1150"]
[Site "http://www.queenalice.com/game.php?id=890477"]
[Date "2011.1.24"]
[Round "2"]
[White "andrealoi"]
[Black "eductx"]
[Result "1-0"]
[WhiteElo "2191"]
[BlackElo "2155"]

1. d4 d5 2. c4 e6 3. Nc3 Nf6 4. cxd5 exd5 5. Bg5 Nbd7 6. e3 c6 7. Bd3 Bd6 8. Qc2
h6 9. Bh4 O-O 10. Nge2 a5 11. O-O b5 12. e4 b4 13. e5 bxc3 14. Qxc3 Qc7 15. exd6
Qxd6 16. Bg3 Qb4 17. Qxb4 axb4 18. Bd6 Re8 19. Bxb4 Ba6 20. Bxa6 Rxa6 21. Ng3
Ne4 22. Nxe4 Rxe4 23. Bc3 Nf6 24. a4 Nd7 25. a5 f5 26. Ra3 g5 27. Rb3 Kf7 28.
Rb7 Ke6 29. Rc7 Kd6 30. Rc8 h5 31. f3 Re6 32. Bb4+ c5 33. dxc5+ Ke5 34. Re1+ Kf6
35. Bc3+ Kf7 36. Rxe6 Rxe6 37. c6 Ne5 38. Bxe5 Rxe5 39. c7 1-0

[Event "AUTO-MASTER-1150"]
[Site "http://www.queenalice.com/game.php?id=890478"]
[Date "2011.1.24"]
[Round "2"]
[White "Pagano"]
[Black "andrealoi"]
[Result "0-1"]
[WhiteElo "2077"]
[BlackElo "2182"]

1. e4 c5 2. d3 Nf6 3. g3 Nc6 4. Bg2 g6 5. f4 d6 6. Nf3 Bg7 7. O-O O-O 8. Nbd2
Rb8 9. c3 b5 10. Rb1 a5 11. a4 b4 12. Qe2 Bg4 13. h3 Bd7 14. d4 Nh5 15. Kh2 bxc3
16. bxc3 cxd4 17. cxd4 Nb4 18. Bb2 Bxa4 19. d5 Bc2 20. Bxg7 Kxg7 21. Rxb4 Rxb4
22. e5 Qb6 23. exd6 exd6 24. Nc4 Qa6 25. Qxc2 Qxc4 26. Qxc4 Rxc4 27. Ra1 Ra8 28.
Nd2 Rb4 29. Ne4 Nf6 30. Nxd6 a4 31. f5 a3 32. g4 a2 33. g5 Rb1 0-1

[Event "AUTO-MASTER-1150"]
[Site "http://www.queenalice.com/game.php?id=890479"]
[Date "2011.1.24"]
[Round "2"]
[White "andrealoi"]
[Black "Pagano"]
[Result "1-0"]
[WhiteElo "2152"]
[BlackElo "2049"]

1. d4 d5 2. c4 c6 3. Nc3 Nf6 4. cxd5 cxd5 5. f3 e6 6. e4 dxe4 7. fxe4 Bb4 8. Bg5
Bxc3+ 9. bxc3 Qa5 10. Bxf6 Qxc3+ 11. Kf2 gxf6 12. Rc1 1-0

[Event "Challenge"]
[Site "http://www.queenalice.com/game.php?id=918110"]
[Date "2011.3.27"]
[Round "-"]
[White "plonius"]
[Black "andrealoi"]
[Result "1-0"]
[WhiteElo "2661"]
[BlackElo "2221"]

1. e4 d5 2. exd5 Qxd5 3. Nc3 Qa5 4. d4 Nf6 5. Nf3 Bg4 6. h3 Bh5 7. g4 Bg6 8. Ne5
e6 9. h4 Bb4 10. Bd2 Nbd7 11. Nc4 Qa6 12. h5 Bxc3 13. hxg6 Bxd2+ 14. Nxd2 Qc6
15. gxf7+ Kxf7 16. Rh3 Qd5 17. Qe2 h5 18. c4 Qxd4 19. g5 Qxb2 20. Rb1 Qxa2 21.
gxf6 gxf6 22. Rxb7 Qa5 23. Qe3 a6 24. Be2 Nc5 25. Rxh5 Rxh5 26. Bxh5+ Ke7 27.
Rb1 Rd8 28. Bg6 Rh8 29. Ke2 Nd7 30. Be4 Qe5 31. Nf3 Qc5 32. Qd3 Qd6 33. Qxd6+
Kxd6 34. Rd1+ Ke7 35. Nd4 Nc5 36. Nc6+ Kf7 37. Ke3 Rh3+ 38. f3 1-0

[Event "QA-ANNIV-06"]
[Site "http://www.queenalice.com/game.php?id=924385"]
[Date "2011.4.10"]
[Round "4"]
[White "BRASILOV"]
[Black "andrealoi"]
[Result "0-1"]
[WhiteElo "2500"]
[BlackElo "2200"]

1. Nf3 d6 2. d4 Nf6 3. c4 g6 4. Nc3 Bg7 5. g3 O-O 6. Bg2 Nbd7 7. O-O e5 8. dxe5
dxe5 9. Qc2 c6 10. Rd1 Qe7 11. e4 Nb6 12. b3 Bg4 13. a4 Rfd8 14. Rxd8+ Rxd8 15.
Ne1 a5 16. Be3 Qc7 17. c5 Nbd7 18. f3 Be6 19. Nd1 Nb8 20. Nd3 Na6 21. Rb1 Nd7
22. N1f2 Nf8 23. Qc3 Nd7 24. Bf1 h6 25. Nb2 Nb4 26. Nfd3 Nxd3 27. Bxd3 f5 28.
Re1 Kh7 29. Bc4 Nf8 30. Be2 fxe4 31. fxe4 Nd7 32. Nc4 Ra8 33. b4 Bxc4 34. Qxc4
axb4 0-1

[Event "Let's Play Chess!"]
[Site "http://www.queenalice.com/game.php?id=931413"]
[Date "2011.4.29"]
[Round "-"]
[White "WindTurbine"]
[Black "andrealoi"]
[Result "1-0"]
[WhiteElo "2543"]
[BlackElo "2202"]

1. d4 Nf6 2. Nc3 d5 3. Bf4 g6 4. Nf3 Bg7 5. e3 O-O 6. Be2 c6 7. h3 Nbd7 8. O-O
Re8 9. Bh2 Ne4 10. Nxe4 dxe4 11. Nd2 f5 12. c3 Nb6 13. a4 e5 14. a5 Nd5 15. Nc4
exd4 16. cxd4 Be6 17. Rc1 Bf8 18. a6 b5 19. Ne5 Rc8 20. Rxc6 Rxc6 21. Nxc6 Qb6
22. Ne5 Qxa6 23. g4 Qb7 24. gxf5 gxf5 25. Bg3 a6 26. Kh2 1-0